[Event "Euro Online U2300 Day 2"]
[Site "chess.com INT"]
[Date "2020.05.26"]
[Round "1"]
[White "Toure, Vasanth"]
[Black "Volovich, Vasily"]
[Result "1/2-1/2"]
[BlackTitle "FM"]
[WhiteElo "2132"]
[BlackElo "2177"]
[WhiteFideId "26014580"]
[BlackFideId "34169676"]
[EventDate "2020.05.26"]

1. e4 e6 2. d4 d5 3. Nd2 c5 4. dxc5 Bxc5 5. Bd3 Nf6 6. Qe2 Nc6 7. c3 O-O 8. Ngf3
e5 9. h3 Re8 10. O-O h6 11. Rd1 Be6 12. b4 Bd6 13. a3 Qc7 14. Bb2 Rad8 15. Rac1
Ne7 16. c4 dxe4 17. Nxe4 Nxe4 18. Bxe4 b6 19. Bb1 f6 20. Nh4 Kf8 21. Qe4 f5 22.
Qe2 e4 23. g3 Be5 24. Bxe5 Qxe5 25. Ng2 Bf7 26. Bc2 Nc6 27. Ba4 Nd4 28. Rxd4
Qxd4 29. Bxe8 Bxe8 30. c5 bxc5 31. bxc5 Qd2 32. Qxd2 Rxd2 33. c6 Rd8 34. Ne3 Rc8
35. c7 g6 36. h4 Ke7 37. h5 Kd6 38. hxg6 Bxg6 39. Nc4+ Ke6 40. Ne3 Kd6 41. Nc4+
Ke6 42. Ne3 Kd6 1/2-1/2

[Event "Euro Online U2300 Day 2"]
[Site "chess.com INT"]
[Date "2020.05.26"]
[Round "1"]
[White "Hristodoulou, Panagiotis"]
[Black "Lebedev, Mikhail S."]
[Result "1-0"]
[WhiteTitle "FM"]
[WhiteElo "2302"]
[BlackElo "2131"]
[WhiteFideId "4214340"]
[BlackFideId "24130303"]
[EventDate "2020.05.26"]

1. e4 c5 2. Nc3 Nc6 3. g3 g6 4. Bg2 Bg7 5. d3 d6 6. Be3 e5 7. Nh3 Nf6 8. O-O O-O
9. f4 Ng4 10. Bd2 f5 11. exf5 gxf5 12. Nd5 Kh8 13. c3 Ne7 14. Ng5 h6 15. Nxe7
Qxe7 16. Nf3 Be6 17. h3 Nf6 18. fxe5 Nh5 19. Nh4 Qf7 20. g4 Ng3 21. gxf5 Nxf1
22. Ng6+ Kg8 23. Nxf8 Bxf5 24. Qxf1 Rxf8 25. exd6 Qg6 26. Qf3 Qxd6 27. Re1 Qxd3
28. Qxd3 Bxd3 29. Bxb7 Rb8 30. Bd5+ Kh8 31. b3 Rd8 32. c4 Bf5 33. Kg2 Kh7 34.
Re7 a6 35. Be3 Kg6 36. Bxc5 Bf6 37. Re2 Rc8 38. Bd6 a5 39. Kg3 Rd8 40. c5 Rc8
41. Be4 h5 42. Bxf5+ Kxf5 43. Rf2+ Kg6 44. Kf3 Ra8 45. Ke4 a4 46. b4 a3 47. b5
Ra4+ 48. Kd5 Kg5 49. c6 1-0

[Event "Euro Online U2300 Day 2"]
[Site "chess.com INT"]
[Date "2020.05.26"]
[Round "1"]
[White "Musovic, Armin"]
[Black "Papp, Petra"]
[Result "1-0"]
[WhiteTitle "FM"]
[BlackTitle "WGM"]
[WhiteElo "2219"]
[BlackElo "2338"]
[WhiteFideId "939935"]
[BlackFideId "739049"]
[EventDate "2020.05.26"]

1. a3 d5 2. Nc3 g6 3. e4 d4 4. Nce2 c5 5. Ng3 Bg7 6. Bb5+ Bd7 7. Bxd7+ Qxd7 8.
d3 Nc6 9. N1e2 e6 10. f4 Nge7 11. O-O f5 12. b4 cxb4 13. axb4 Nxb4 14. Ba3 Nbc6
15. Qd2 O-O 16. Rfb1 b6 17. Qc1 Rfc8 18. Qb2 Rc7 19. Qa2 Kh8 20. Bxe7 Nxe7 21.
Rxb6 axb6 22. Qxa8+ Qc8 23. Qxc8+ Rxc8 24. e5 Nd5 25. h4 h5 26. Nxd4 Nxf4 27.
Nf3 Bh6 28. Ra2 Nd5 29. Ng5 Bxg5 30. hxg5 Nb4 31. Rb2 Nxc2 32. Rxb6 Ne3 33. Rxe6
Ng4 34. Ne2 Rc2 35. Kf1 Ra2 36. Nf4 Ne3+ 37. Ke1 Nc2+ 38. Kd1 Ne3+ 39. Kc1 Nxg2
40. Nxg2 Rxg2 41. Rxg6 h4 42. d4 h3 43. Rh6+ Kg7 44. Rxh3 Rxg5 45. Kd2 Kf7 46.
Rh6 Rg3 47. d5 Ke7 48. Rh7+ Ke8 49. e6 Rg4 50. Kd3 Rg1 51. Kd4 Re1 52. Rf7 Re4+
53. Kc5 f4 54. Kd6 Ra4 55. Ke5 Ra1 56. Rxf4 Ra5 57. Rh4 Ra6 58. Rh8+ Ke7 59.
Rh7+ Ke8 60. d6 Ra5+ 61. Kf6 1-0

[Event "Euro Online U2300 Day 2"]
[Site "chess.com INT"]
[Date "2020.05.26"]
[Round "1"]
[White "Levin, Guy"]
[Black "Tsaruk, Maksim"]
[Result "1/2-1/2"]
[BlackTitle "FM"]
[WhiteElo "2213"]
[BlackElo "2302"]
[WhiteFideId "2824213"]
[BlackFideId "13511173"]
[EventDate "2020.05.26"]

1. c4 Nf6 2. Nf3 e6 3. g3 d5 4. Bg2 c5 5. cxd5 exd5 6. d4 Nc6 7. Nc3 Be6 8. O-O
h6 9. b3 b6 10. Bb2 Be7 11. Rc1 O-O 12. dxc5 bxc5 13. Na4 Nd7 14. Ne1 Rc8 15.
Bxd5 Bxd5 16. Qxd5 Nb4 17. Qf5 Nb6 18. Nxb6 Qxb6 19. Qb1 Bg5 20. Rc4 Rfd8 21.
Nf3 Bf6 22. Bxf6 Qxf6 23. Rfc1 Re8 24. Rxc5 Rcd8 25. Rf5 Qa6 26. e3 Nxa2 27. Rc7
f6 28. Qa1 Qb6 29. Rc2 Nb4 30. Rc3 Nd5 31. Rd3 Qe6 32. Nd4 Qe4 33. Qd1 Nc3 34.
Rxc3 Qxf5 35. Rc7 Qa5 36. Qc2 Rxd4 37. exd4 Re1+ 38. Kg2 Qd5+ 39. f3 Qxd4 40.
Qc4+ Qxc4 41. bxc4 a5 42. Ra7 Rc1 43. Rxa5 Rxc4 1/2-1/2

[Event "Euro Online U2300 Day 2"]
[Site "chess.com INT"]
[Date "2020.05.26"]
[Round "1"]
[White "Basa, Manasvita"]
[Black "Sahakyan, Arman K."]
[Result "0-1"]
[WhiteElo "1711"]
[BlackElo "1775"]
[WhiteFideId "1060228"]
[BlackFideId "13310992"]
[EventDate "2020.05.26"]

1. e4 c5 2. d4 cxd4 3. c3 dxc3 4. Nxc3 e6 5. Bc4 Nc6 6. Nf3 d6 7. O-O Be7 8. Qe2
Nf6 9. Rd1 e5 10. h3 O-O 11. Be3 Be6 12. Rac1 Rc8 13. Bb3 Qa5 14. Nd5 Bxd5 15.
exd5 Nb8 16. Bd2 Qd8 17. Rxc8 Qxc8 18. Rc1 Qd7 19. Qc4 Na6 20. Ba4 Qd8 21. b4
Nd7 22. Be3 Nb6 23. Bxb6 Qxb6 24. a3 f5 25. Nxe5 Nb8 26. Nf3 Bf6 27. Qf4 Bb2 28.
Rb1 Bxa3 29. Nd4 Qa6 30. Bb5 Qb6 31. Ba4 Qa6 32. Ne6 Qxa4 33. Nxf8 Qc2 34. Re1
Qc8 35. Ne6 Bb2 36. Qxf5 g6 37. Qf4 Nd7 38. Qxd6 Nf6 39. Rb1 Bc3 40. Rc1 Ne4 41.
Qf4 Qc4 0-1

[Event "Euro Online U2300 Day 2"]
[Site "chess.com INT"]
[Date "2020.05.26"]
[Round "1"]
[White "Berdnyk, Mariia"]
[Black "Shapkin, Anatoliy"]
[Result "1/2-1/2"]
[WhiteTitle "FM"]
[WhiteElo "2324"]
[BlackElo "2283"]
[WhiteFideId "14137054"]
[BlackFideId "34108332"]
[EventDate "2020.05.26"]

1. c4 c5 2. Nc3 Nc6 3. g3 g6 4. Bg2 Bg7 5. Nf3 Nf6 6. O-O O-O 7. d4 cxd4 8. Nxd4
Qa5 9. Nb3 Qh5 10. Nd5 d6 11. e4 Qxd1 12. Rxd1 Nxd5 13. cxd5 Ne5 14. f4 Bg4 15.
Rf1 Nd3 16. Bf3 Bxf3 17. Rxf3 Nxb2 18. Bxb2 Bxb2 19. Rb1 Ba3 20. Na5 Bc5+ 21.
Kg2 Bb6 22. Nc4 Rfc8 23. Nxb6 axb6 24. Rf2 Ra6 25. Rb3 Rc4 26. Kf3 Rca4 27. h3
Kf8 28. Rc2 Rxa2 29. Rc8+ Kg7 30. Rc7 R2a3 31. Rxa3 Rxa3+ 32. Kf2 Kf6 33. Rxb7
Rb3 34. g4 h6 35. h4 g5 36. hxg5+ hxg5 37. fxg5+ Kxg5 38. Rxe7 Kf4 39. Rxf7+
Kxe4 40. g5 Ra3 41. g6 Ra8 42. g7 Rg8 43. Kg3 Kxd5 44. Re7 b5 45. Kf4 b4 46. Kf5
b3 47. Kf6 Kc4 48. Rc7+ Kd3 49. Rd7 b2 50. Rxd6+ Kc2 51. Rc6+ Kd2 52. Rb6 Kc2
53. Kf7 Rxg7+ 54. Kxg7 b1=Q 55. Rxb1 Kxb1 1/2-1/2

[Event "Euro Online U2300 Day 2"]
[Site "chess.com INT"]
[Date "2020.05.26"]
[Round "1"]
[White "Petrova, Irina"]
[Black "Kanyamarala, Tarun"]
[Result "0-1"]
[WhiteTitle "WIM"]
[BlackTitle "FM"]
[WhiteElo "2087"]
[BlackElo "2381"]
[WhiteFideId "14124122"]
[BlackFideId "45004714"]
[EventDate "2020.05.26"]

1. d4 f5 2. Nc3 Nf6 3. Bg5 d5 4. Bxf6 exf6 5. e3 Be6 6. Bd3 c6 7. Qf3 Qd7 8.
Nge2 Na6 9. a3 g6 10. Nf4 O-O-O 11. h3 Nc7 12. Nxe6 Nxe6 13. g4 f4 14. O-O-O Bd6
15. h4 Rde8 16. Kb1 Qc7 17. Ne2 fxe3 18. fxe3 Rhf8 19. e4 dxe4 20. Bxe4 Kb8 21.
Bd3 Qb6 22. Bc4 f5 23. Bb3 Qa6 24. d5 fxg4 25. Qxg4 Nc5 26. Bc4 Qb6 27. dxc6 Re4
28. Qg2 Be5 29. Bb3 Nxb3 30. cxb3 Qxb3 31. Nc1 Qf3 32. Qxf3 Rxf3 33. cxb7 Kxb7
34. Nd3 Bd6 35. Nc1 Kc6 36. Rhe1 Rxe1 37. Rxe1 Rh3 38. Re4 Kd5 39. Ra4 Rh1 40.
Kc2 Rh2+ 41. Kb3 Bc5 42. Nd3 Bb6 43. Nf4+ Ke5 44. Nd3+ Kf5 45. Rf4+ Ke6 46. Kc3
Bd8 47. Ra4 Bf6+ 48. Kc4 Rxh4+ 49. Kb3 Rxa4 50. Kxa4 g5 51. Kb5 Bd4 52. b4 h5
53. Kc4 Be3 54. a4 h4 55. Ne1 h3 56. Nf3 g4 57. Nh2 g3 58. Ng4 g2 0-1

[Event "Euro Online U2300 Day 2"]
[Site "chess.com INT"]
[Date "2020.05.26"]
[Round "1"]
[White "Suleymanli, Aydin"]
[Black "Kiremitciyan, Ari"]
[Result "1-0"]
[WhiteTitle "IM"]
[BlackTitle "FM"]
[WhiteElo "2512"]
[BlackElo "2281"]
[WhiteFideId "13413937"]
[BlackFideId "6373445"]
[EventDate "2020.05.26"]

1. d4 Nf6 2. c4 e6 3. Nc3 Bb4 4. e3 O-O 5. Ne2 c6 6. a3 Ba5 7. b4 Bc7 8. e4 d5
9. e5 Nfd7 10. cxd5 exd5 11. f4 Qe7 12. Ng3 f6 13. Be2 fxe5 14. fxe5 Nxe5 15.
dxe5 Bxe5 16. Qd3 a5 17. Bb2 axb4 18. Nxd5 Qd6 19. Nxb4 Qc7 20. Qb3+ Kh8 21. Rf1
Nd7 22. O-O-O Nf6 23. Nh5 Bg4 24. Nxf6 Bxe2 25. Rd7 Qa5 26. Re1 Bxf6 27. Bxf6
Rxf6 28. Rxe2 Qg5+ 29. Kb2 Raf8 30. Qg3 Qh6 31. Rxb7 Rf4 32. Qc3 Qg6 33. Nxc6 h6
34. Ne5 Qf5 35. Rb6 Kh7 36. Ng6 Rf6 37. Rxf6 Qxf6 38. Nxf4 Qb6+ 39. Qb3 Qf6+ 40.
Qc3 Qxf4 41. Qd3+ Kg8 42. Re8+ Kf7 43. Qd7+ Kg6 44. Qe6+ Kh5 45. Qe5+ 1-0

[Event "Euro Online U2300 Day 2"]
[Site "chess.com INT"]
[Date "2020.05.26"]
[Round "1"]
[White "Mesnyankin, Nikita"]
[Black "Zvereva, Margarita"]
[Result "1-0"]
[BlackTitle "WFM"]
[WhiteElo "2176"]
[BlackElo "1929"]
[WhiteFideId "24175935"]
[BlackFideId "34177741"]
[EventDate "2020.05.26"]

1. e4 c5 2. Nf3 d6 3. d4 cxd4 4. Nxd4 Nf6 5. Nc3 a6 6. h3 e5 7. Nde2 h5 8. Bg5
Be7 9. g3 b5 10. Bg2 Bb7 11. Be3 Nbd7 12. O-O h4 13. gxh4 b4 14. Nd5 Nxd5 15.
exd5 Bxh4 16. Qd2 a5 17. a3 bxa3 18. Rxa3 Nb6 19. Rxa5 Nc4 20. Rxa8 Bxa8 21. Qb4
Nxe3 22. Qa4+ Kf8 23. fxe3 g6 24. Nc3 Kg7 25. Nb5 Qg5 26. Qe4 f5 27. Qd3 Rd8 28.
Nc7 Kh6 29. Ne6 Qf6 30. Nxd8 Qxd8 31. c4 Qg5 32. b4 f4 33. exf4 exf4 34. Qe4 Bg3
35. c5 dxc5 36. bxc5 Bb7 37. c6 Ba6 38. Qd4 Qd8 39. Rxf4 Bxf4 40. Qxf4+ Kh7 41.
c7 Qa8 42. d6 Qa7+ 43. Kh2 Qc5 44. d7 Qc3 45. d8=Q 1-0

[Event "Euro Online U2300 Day 2"]
[Site "chess.com INT"]
[Date "2020.05.26"]
[Round "1"]
[White "Pedersen, Henrik Dahl"]
[Black "Tymrakiewicz, Rafal"]
[Result "1/2-1/2"]
[BlackTitle "FM"]
[WhiteElo "2225"]
[BlackElo "2253"]
[WhiteFideId "1404199"]
[BlackFideId "1108832"]
[EventDate "2020.05.26"]

1. Nf3 d5 2. d4 Bf5 3. Bf4 e6 4. e3 Bd6 5. Bxd6 Qxd6 6. c3 Nf6 7. Bd3 Bxd3 8.
Qxd3 O-O 9. Nbd2 c5 10. O-O Nc6 11. Rfd1 Rfd8 12. Qb5 c4 13. b4 a6 14. Qa4 b5
15. Qc2 a5 16. a3 Ra7 17. e4 Nxe4 18. Nxe4 dxe4 19. Qxe4 Qd5 20. Qf4 Rda8 21.
Rac1 axb4 22. axb4 Rd8 23. h3 h6 24. Re1 Qd6 25. Qg4 Ne7 26. Nd2 Nd5 27. Ne4 Qf8
28. Ng3 Ra3 29. Ne2 Qd6 30. g3 Rda8 31. Qe4 Ra2 32. Rc2 R2a3 33. Rec1 Ra2 34.
Qe5 Qd8 35. Nf4 Rxc2 36. Rxc2 Ra1+ 37. Kg2 Nxf4+ 38. Qxf4 Qd5+ 39. f3 Ra3 40.
Qe4 f6 41. Qxd5 exd5 42. Kf2 Kf7 43. Ke3 g5 44. g4 Ra1 45. Kf2 Ra3 46. Kg3 Ra1
47. f4 f5 48. fxg5 hxg5 49. gxf5 Kf6 50. Rf2 Rg1+ 51. Kh2 Rd1 52. Rf3 Rd3 53.
Kg3 Rxf3+ 54. Kxf3 Kxf5 55. Kg3 Kf6 56. Kg4 Kg6 57. Kg3 Kf5 58. Kf3 Kf6 59. Kg3
Kf5 60. Kf3 Kf6 61. Kg3 Kf5 1/2-1/2

[Event "Euro Online U2300 Day 2"]
[Site "chess.com INT"]
[Date "2020.05.26"]
[Round "1"]
[White "Krivenko, Sergey"]
[Black "Gorodetzky, Matan"]
[Result "1-0"]
[BlackTitle "FM"]
[WhiteElo "2279"]
[BlackElo "2284"]
[WhiteFideId "24124753"]
[BlackFideId "2813394"]
[EventDate "2020.05.26"]

1. d4 d5 2. c4 e6 3. Nc3 c5 4. e3 dxc4 5. Bxc4 Nf6 6. Nf3 a6 7. a4 Nc6 8. O-O
Be7 9. Qe2 O-O 10. Rd1 Qc7 11. h3 Rd8 12. d5 exd5 13. Bxd5 Nb4 14. Bc4 Rxd1+ 15.
Qxd1 Bf5 16. Ng5 Bg6 17. Bd2 Rd8 18. Qe2 h6 19. Nf3 Nd3 20. Be1 Ne5 21. Nxe5
Qxe5 22. Rd1 Rxd1 23. Qxd1 Bd6 24. Qf3 Qh2+ 25. Kf1 Qh1+ 26. Ke2 Bh5 27. g4
Qxf3+ 28. Kxf3 Bg6 29. Ke2 Ne4 30. a5 Nxc3+ 31. Bxc3 Be4 32. f3 Bc6 33. e4 Kf8
34. Bd5 Bxd5 35. exd5 f6 36. Kd3 Ke7 37. Kc4 Kd7 38. b3 Kc7 39. Bd2 b5+ 40.
axb6+ Kxb6 41. Be3 a5 42. Bd2 Be7 43. h4 Bd6 44. h5 Be7 45. f4 Bd6 46. g5 fxg5
47. fxg5 hxg5 48. Bxg5 Bf8 49. Bd8+ Ka6 50. Bc7 Kb7 51. Bxa5 Bd6 52. Bc3 Bf8 53.
Kb5 Kc7 54. Be5+ Kd7 55. Bf4 Be7 56. Be3 1-0

[Event "Euro Online U2300 Day 2"]
[Site "chess.com INT"]
[Date "2020.05.26"]
[Round "1"]
[White "Astafurov, Arseniy"]
[Black "Maximov, Oleg"]
[Result "1/2-1/2"]
[WhiteTitle "FM"]
[WhiteElo "2330"]
[BlackElo "2219"]
[WhiteFideId "24175218"]
[BlackFideId "4176960"]
[EventDate "2020.05.26"]

1. c4 Nf6 2. Nf3 g6 3. g3 Bg7 4. Bg2 O-O 5. O-O d6 6. d4 Nbd7 7. Nc3 e5 8. Qc2
Re8 9. Rd1 c6 10. e4 exd4 11. Nxd4 Qe7 12. Bf4 Ne5 13. b3 Nh5 14. Bc1 Nd7 15. h3
Nc5 16. Be3 Nf6 17. f3 a5 18. Rab1 Nfd7 19. a3 f5 20. b4 axb4 21. axb4 Ne6 22.
Nde2 Ne5 23. Qb3 fxe4 24. Nxe4 Nf7 25. Bf2 Neg5 26. Nxg5 Nxg5 27. Nf4 Bf5 28.
Re1 Qf7 29. Rbd1 Rxe1+ 30. Rxe1 Be5 31. Nd3 Nxh3+ 32. Bxh3 Bxh3 33. Nxe5 dxe5
34. Rxe5 Be6 35. Qe3 Bxc4 36. Re7 Qf6 37. Rxb7 Bd5 38. Kg2 Rf8 39. Re7 Bxf3+ 40.
Kh2 Bd5 41. Re8 Rxe8 42. Qxe8+ Kg7 43. Qe2 h5 44. Bc5 Kh7 45. Qe7+ Qxe7 46. Bxe7
Kg7 47. Kg1 Kf7 48. Bc5 Ke6 49. Kf2 Kf5 50. Ke3 g5 51. Be7 Kg4 52. Kf2 h4 53.
gxh4 gxh4 54. Kg1 h3 55. Kh2 Bg2 56. Bc5 1/2-1/2

[Event "Euro Online U2300 Day 2"]
[Site "chess.com INT"]
[Date "2020.05.26"]
[Round "1"]
[White "Tomilova, Elena"]
[Black "Stan, Andrei-Mihaita"]
[Result "1/2-1/2"]
[WhiteTitle "WGM"]
[WhiteElo "2353"]
[BlackElo "2044"]
[WhiteFideId "4162340"]
[BlackFideId "1232118"]
[EventDate "2020.05.26"]

1. d4 e6 2. e4 d5 3. Bd3 Nf6 4. e5 Nfd7 5. c3 c5 6. Ne2 Nc6 7. O-O Qb6 8. Bc2 f5
9. exf6 Nxf6 10. a3 cxd4 11. cxd4 Bd6 12. Nbc3 O-O 13. b4 a6 14. Qd3 e5 15. dxe5
Nxe5 16. Nxd5 Nxd3 17. Nxb6 Nxc1 18. Raxc1 Rb8 19. Bb3+ Kh8 20. Rfd1 Be5 21. Nd4
Ng4 22. Rxc8 Rbxc8 23. Nxc8 Bxh2+ 24. Kh1 Nxf2+ 25. Kxh2 Nxd1 26. Bxd1 Rxc8 27.
Bf3 Rc3 28. Bxb7 Rxa3 29. Nc6 g5 30. Nb8 Rb3 31. Nxa6 Kg7 32. Bd5 Rb2 33. Bc4 h5
34. b5 g4 35. Kg3 Kf6 36. Nc5 Rc2 37. b6 Rxc4 38. b7 Rb4 39. b8=Q Rxb8 40. Nd7+
Kg5 41. Nxb8 h4+ 42. Kf2 Kf4 43. Nc6 Ke4 44. Ne7 Kf4 45. Nd5+ Ke4 46. Ne3 Kf4
47. Nf1 Ke4 48. Nd2+ Kf4 49. Nc4 Ke4 50. Ke2 Kf4 51. Kf1 h3 52. gxh3 gxh3 53.
Kg1 h2+ 54. Kxh2 1/2-1/2

[Event "Euro Online U2300 Day 2"]
[Site "chess.com INT"]
[Date "2020.05.26"]
[Round "1"]
[White "Caglar, Ahmet Ata"]
[Black "Spyropoulos, Nikolaos"]
[Result "1/2-1/2"]
[BlackTitle "FM"]
[WhiteElo "2077"]
[BlackElo "2403"]
[WhiteFideId "6328636"]
[BlackFideId "4298977"]
[EventDate "2020.05.26"]

1. d4 Nf6 2. Nf3 e6 3. c4 Bb4+ 4. Nbd2 b6 5. g3 Bb7 6. Bg2 O-O 7. O-O d6 8. Nb3
d5 9. c5 bxc5 10. dxc5 c6 11. a3 Ba5 12. Nxa5 Qxa5 13. b4 Qd8 14. Bb2 Nbd7 15.
Qd4 a5 16. Rfc1 Ba6 17. e4 dxe4 18. Nd2 Bd3 19. Nxe4 Bxe4 20. Bxe4 e5 21. Qe3
Qc7 22. Bg2 Rfe8 23. Rd1 axb4 24. axb4 Rxa1 25. Bxa1 Qb7 26. Bc3 Nd5 27. Qd2
N7f6 28. Rb1 h6 29. Qd3 e4 30. Qc4 Nxc3 31. Qxc3 Qb5 32. Bf1 Nd5 33. Bxb5 Nxc3
34. Bxc6 Rc8 35. Rb3 Ne2+ 36. Kf1 Nd4 37. Bb7 Rc7 38. Bd5 Nxb3 39. Bxb3 Kf8 40.
Bc4 Ke7 41. Ke2 Kf6 42. Ke3 Ke5 43. Ba6 f5 44. h4 g5 45. hxg5 hxg5 46. f4+ exf3
47. Kxf3 Kd4 48. Ke2 Kc3 49. b5 Rxc5 50. b6 Rc6 51. b7 Re6+ 52. Kf3 Rb6 53. Ke3
Kb4 54. Kd4 Ka5 55. Bd3 Rxb7 56. Bxf5 Re7 57. Kd5 Kb4 58. Be6 Kc3 59. Ke5 Ra7
60. Kf6 Ra5 61. Bf5 Kd4 62. Kxg5 Ke3 63. g4 1/2-1/2

[Event "Euro Online U2300 Day 2"]
[Site "chess.com INT"]
[Date "2020.05.26"]
[Round "1"]
[White "Taspinar, Yanki"]
[Black "Han, Yichen"]
[Result "1-0"]
[WhiteTitle "CM"]
[BlackTitle "FM"]
[WhiteElo "2178"]
[BlackElo "2307"]
[WhiteFideId "34561188"]
[BlackFideId "1054430"]
[EventDate "2020.05.26"]

1. d4 d5 2. c4 c6 3. Nc3 Nf6 4. cxd5 cxd5 5. Bf4 Nc6 6. e3 Ne4 7. Bd3 Nxc3 8.
bxc3 g6 9. Nf3 Bg7 10. O-O O-O 11. h3 b6 12. e4 Bb7 13. Re1 Na5 14. Qe2 Rc8 15.
Rac1 Re8 16. exd5 Bxd5 17. Ne5 f6 18. Ng4 Nc4 19. Ne3 Nxe3 20. Bxe3 Qc7 21. c4
Bf7 22. Rc2 e5 23. dxe5 Qxe5 24. Rec1 f5 25. Qf3 Qd6 26. Bf1 Re4 27. g3 Qb4 28.
c5 bxc5 29. Bxc5 Qa4 30. Qd3 Bh6 31. f4 Bg7 32. Bf2 Rce8 33. Qb5 Qa3 34. Qc5
Qxc5 35. Rxc5 Bxa2 36. Ra5 Bf7 37. Rxa7 Bd4 38. Bxd4 Rxd4 39. Rcc7 Rf8 40. Kf2
Kg7 41. Bc4 Rxc4 42. Rxc4 Kf6 43. Rc6+ Kg7 44. Rcc7 Kf6 45. g4 fxg4 46. hxg4 h5
47. g5+ Ke6 48. Re7+ 1-0

[Event "Euro Online U2300 Day 2"]
[Site "chess.com INT"]
[Date "2020.05.26"]
[Round "1"]
[White "Yeke, Serkan"]
[Black "Toczek, Grzegorz"]
[Result "1-0"]
[WhiteTitle "FM"]
[BlackTitle "FM"]
[WhiteElo "2099"]
[BlackElo "2271"]
[WhiteFideId "6301142"]
[BlackFideId "1106457"]
[EventDate "2020.05.26"]

1. Nf3 c5 2. c4 Nf6 3. Nc3 d5 4. cxd5 Nxd5 5. e4 Nb4 6. Bc4 Nd3+ 7. Ke2 Nxc1+ 8.
Rxc1 Nc6 9. Qb3 e6 10. Rhd1 Be7 11. d4 cxd4 12. Nb5 O-O 13. Nbxd4 Nxd4+ 14. Rxd4
Qa5 15. e5 b5 16. Bd3 Rb8 17. Qc2 Bb7 18. Bxh7+ Kh8 19. Be4 Qxa2 20. Bxb7 Rxb7
21. Qd2 Qa6 22. b4 Qb6 23. Rc3 Rc7 24. Rxc7 Qxc7 25. Qd3 Rd8 26. Rxd8+ Bxd8 27.
Qxb5 Qc2+ 28. Nd2 Qc7 29. Qc5 Qd7 30. Nc4 Kg8 31. Qd6 Qc8 32. Kd3 Bg5 33. g3 Qb7
34. f4 Be7 35. Qd4 Bxb4 36. Nd6 Qf3+ 37. Kc4 Qa3 38. Nb5 Qa4 39. Qxa7 Ba5+ 40.
Kc5 Qb4+ 41. Kc6 Qc4+ 42. Qc5 Qe2 43. Kd7 Bb4 44. Qxb4 Qxh2 45. Ke8 Kh7 46. Kxf7
Qh5+ 47. Kxe6 Qg4+ 48. Ke7 Kg6 49. Qd6+ Kh7 50. Nd4 Qxg3 51. Nf5 Qxf4 52. Qe6
Qg5+ 53. Kf7 Qh5+ 54. Kf8 Qg5 55. Qg8+ Kg6 56. Qxg7+ Kxf5 57. Qxg5+ Kxg5 58. e6 1-0

[Event "Euro Online U2300 Day 2"]
[Site "chess.com INT"]
[Date "2020.05.26"]
[Round "1"]
[White "Kacprzak, Kacper"]
[Black "Davtyan, Artur"]
[Result "1/2-1/2"]
[BlackTitle "IM"]
[WhiteElo "1977"]
[BlackElo "2461"]
[WhiteFideId "21819319"]
[BlackFideId "13308327"]
[EventDate "2020.05.26"]

1. e4 e5 2. Nf3 Nc6 3. Bc4 Bc5 4. c3 Nf6 5. d3 O-O 6. Bb3 a5 7. Nbd2 d6 8. h3
Be6 9. Nf1 Bxb3 10. axb3 d5 11. Qe2 Qd7 12. Ng3 Rad8 13. Bg5 Qe6 14. O-O Be7 15.
Nf5 dxe4 16. dxe4 Rfe8 17. Bxf6 Bxf6 18. Qb5 b6 19. Ne3 Ne7 20. Rfd1 Kf8 21. b4
Qb3 22. Rdb1 axb4 23. Qxb4 Qxb4 24. cxb4 Rd3 25. Ra7 Rc8 26. Ra3 Rcd8 27. Rc1 c6
28. Rxd3 Rxd3 29. Nc4 Rb3 30. Nxb6 Rxb4 31. Nc4 Ng6 32. g3 Bd8 33. Ncxe5 Nxe5
34. Nxe5 Rxb2 35. Rxc6 Ke7 36. Nc4 Rc2 37. Ne5 Re2 38. Rc4 Bb6 39. Nd3 Rd2 40.
Rc3 g6 41. Kf1 Bd4 42. Rb3 Rc2 43. Rb4 Bg7 44. Rb7+ Ke8 45. e5 Rd2 46. Rb3 Ke7
47. f4 Ke6 48. Nc5+ Kd5 49. Rd3+ Rxd3 50. Nxd3 f6 51. exf6 Bxf6 52. Ke2 Kd4 53.
Nb4 Ke4 54. Nd3 Bd4 55. Nf2+ Kd5 56. Kf3 Bf6 57. Ng4 Bg7 58. Ke3 Bd4+ 59. Kd3
Bg7 60. Ne3+ Ke6 61. Ke4 Bf8 62. g4 Bc5 63. Nd5 Bf2 64. g5 Bc5 65. Nf6 h6 66.
Ng4 hxg5 67. fxg5 Be7 68. h4 Bd6 69. Kf3 Bb4 70. Ne3 Be1 71. Kg4 Bd2 72. Ng2 Ke5
73. h5 gxh5+ 74. Kxh5 Bxg5 1/2-1/2

[Event "Euro Online U2300 Day 2"]
[Site "chess.com INT"]
[Date "2020.05.26"]
[Round "1"]
[White "Megalios, Konstantinos"]
[Black "Sergeev, Nikita S."]
[Result "1/2-1/2"]
[WhiteTitle "IM"]
[WhiteElo "2401"]
[BlackElo "1335"]
[WhiteFideId "4238044"]
[BlackFideId "34253670"]
[EventDate "2020.05.26"]

1. d4 Nf6 2. c4 e6 3. g3 d5 4. Bg2 c6 5. Nf3 Nbd7 6. O-O h6 7. Nc3 Be7 8. b3 O-O
9. Qc2 a5 10. e4 dxe4 11. Nxe4 Nxe4 12. Qxe4 a4 13. Bf4 Nf6 14. Qc2 Bd7 15. Ne5
axb3 16. axb3 Qb6 17. Be3 Qc7 18. Qc3 Rfd8 19. Nd3 Ng4 20. Bf4 Bd6 21. Bxd6 Qxd6
22. h3 Nf6 23. Ne5 Be8 24. c5 Qc7 25. Nc4 Nd5 26. Qd2 Rxa1 27. Rxa1 Qd7 28. Ra7
Ne7 29. Nd6 Rb8 30. Qf4 Ng6 31. Qe3 Ne7 32. Qe5 f6 33. Qf4 Bg6 34. Nc4 Qd8 35.
Qd6 Qxd6 36. Nxd6 Nf5 37. Rxb7 Rxb7 38. Nxb7 Nxd4 39. Na5 Be8 40. f4 Kf7 41. Kf2
Ke7 42. Ke3 e5 43. fxe5 fxe5 44. Be4 Kd7 45. b4 Bf7 46. Nb7 Bb3 47. Nd6 Nc2+ 48.
Bxc2 Bxc2 49. g4 Ke6 50. Nc8 Bb3 51. h4 Bd1 52. g5 hxg5 53. hxg5 Ba4 54. Nd6 g6
55. Ne8 Kf5 56. Nd6+ Kxg5 57. Ke4 Kf6 58. Ne8+ Ke6 59. Ng7+ Kf6 60. Ne8+ Ke6 61.
Nc7+ Kf6 62. Ne8+ 1/2-1/2

[Event "Euro Online U2300 Day 2"]
[Site "chess.com INT"]
[Date "2020.05.26"]
[Round "1"]
[White "Lopez Varela, Pablo"]
[Black "Chaqryan, Erik"]
[Result "1-0"]
[WhiteElo "2177"]
[BlackElo "2231"]
[WhiteFideId "32092105"]
[BlackFideId "13312340"]
[EventDate "2020.05.26"]

1. e4 c5 2. d4 cxd4 3. c3 d3 4. Bxd3 Nc6 5. c4 g6 6. Nf3 Bg7 7. h3 d6 8. O-O Nf6
9. Nc3 Be6 10. Be3 Nd7 11. Rc1 Nde5 12. Qe2 O-O 13. Nd2 f5 14. f4 Nxd3 15. Qxd3
Rc8 16. a3 b6 17. b3 Qd7 18. Kh2 Rce8 19. Nf3 fxe4 20. Nxe4 h6 21. Nd4 Bf5 22.
Nxf5 gxf5 23. Ng3 e6 24. Rcd1 Rd8 25. c5 bxc5 26. Bxc5 Qf7 27. Bxd6 Rd7 28. Qb5
Rc8 29. Bc5 Rd5 30. Rxd5 exd5 31. Re1 d4 32. Qd3 Qd5 33. b4 a5 34. Nxf5 axb4 35.
axb4 Rd8 36. Nxg7 Kxg7 37. Be7 Rd7 38. Qg3+ Kf7 39. Bc5 Qf5 40. Qf3 Rd5 41. g4
Qd7 42. g5 d3 43. gxh6 d2 44. Rd1 Qf5 45. Qg4 Qg6 46. Be3 Qxg4 47. hxg4 Kg6 48.
f5+ Kh7 49. Rxd2 Re5 50. Bg5 Re8 51. Rd7+ Kg8 52. h7+ Kh8 53. Bf6# 1-0